| 000 | 00944nam a2200229 a 4500 | ||
|---|---|---|---|
| 001 | 000021824 | ||
| 003 | AM-YEHGA | ||
| 005 | 20250618070829.0 | ||
| 008 | 981209s1967 ai |||||||||||||||1|arm|d | ||
| 040 | _aAM-YeHGA | ||
| 041 | 1 |
_aarm _hrus |
|
| 100 | 1 | _aԼաքսնես, Հալդոր | |
| 245 | 1 | 0 |
_aԻնքնուրույն մարդիկ : _bՀերոսական սագա / _cՀ. Լաքսնես ; Ռուս. թարգմ.՝ Վ. Արամյան ; Խմբ.՝ Հ. Սևան ; Առաջաբ.՝ Բ. Պոլեվոյ. |
| 260 |
_aԵրևան : _bՀայաստան, _c1967. |
||
| 300 | _a636 էջ | ||
| 650 | 1 | 4 |
_aԻսլանդական գրականություն _xՎեպ |
| 700 | 1 |
_aԱրամյան, Վալտեր Գևորգի, _d1909-1994 _eթարգմ. _4trl _9975 |
|
| 700 | 1 |
_aՍևան, Հենրիկ Կարապետի, _d1925-2008 _eխմբ. _4edt _92100 |
|
| 700 | 1 |
_aՊոլևոյ, Բորիս Նիկոլաևիչ _eառաջաբ. _4aui |
|
| 942 |
_2udc _cBK |
||
| 090 | _c8240 | ||
| 999 |
_c8180 _d8180 |
||